[Event "Ostravský koník 2014 - FIDE Open B"]
[Site "Ostrava, CZE"]
[Date "2014.05.01"]
[Round "6"]
[White "Hastik, Svatopluk"]
[Black "Snyta, Zdenek"]
[Result "1-0"]
[WhiteElo "2037"]
[BlackElo "2091"]
[PlyCount "107"]

1. d4 f5 2. d5 e5 3. dxe6 dxe6 4. Qxd8+ Kxd8 5. e4 Bd6 6. Nf3 Nc6 7. Nc3 Nf6 8.
Bg5 Ke7 9. Bxf6+ gxf6 10. exf5 exf5 11. Nb5 Bb4+ 12. c3 Ba5 13. O-O-O a6 14.
Nbd4 Nxd4 15. Nxd4 Kf7 16. Bc4+ Kg6 17. Rd3 Re8 18. Rg3+ Kh6 19. Rf3 Bb6 20.
Nxf5+ Bxf5 21. Rxf5 Kg6 22. Rf3 h5 23. h4 c6 24. Rg1 f5 25. Bd3 Re5 26. g4 hxg4
27. Rxg4+ Kh6 28. Rb4 Bd8 29. Rxb7 Re1+ 30. Kc2 Rh1 31. Rxf5 Bxh4 32. Rc7 Rh2
33. Rxc6+ Kg7 34. Rc7+ Kh6 35. Rcf7 Rg8 36. Ra5 Rxf2+ 37. Rxf2 Bxf2 38. Rxa6+
Kg5 39. a4 Kf4 40. Re6 Be3 41. b4 Rg1 42. a5 Rc1+ 43. Kb2 Rd1 44. Bc2 Re1 45.
Re4+ Kf3 46. Kb3 Ra1 47. Kb2 Re1 48. Rc4 Ke2 49. b5 Kd2 50. Rc7 Rg1 51. Rd7+
Ke2 52. a6 Rg8 53. Re7 Rb8 54. c4 1-0

[Event "Ostravský koník 2014 - FIDE Open B"]
[Site "Ostrava, CZE"]
[Date "2014.05.01"]
[Round "6"]
[White "Malinovsky, Petr"]
[Black "Kocur, Valter"]
[Result "1/2-1/2"]
[WhiteElo "1969"]
[BlackElo "2061"]
[PlyCount "43"]

1. d4 Nf6 2. c4 g6 3. Nc3 d5 4. cxd5 Nxd5 5. Bd2 Bg7 6. e4 Nxc3 7. Bxc3 O-O 8.
Nf3 Bg4 9. Be2 c5 10. d5 Bxc3+ 11. bxc3 Bxf3 12. Bxf3 Qc7 13. O-O Rd8 14. Qc2
e5 15. dxe6 fxe6 16. e5 Nc6 17. Rfe1 Rab8 18. Bg4 Re8 19. f4 Rbd8 20. Rad1 Re7
21. g3 Kf7 22. Qb3 1/2-1/2

[Event "Ostravský koník 2014 - FIDE Open B"]
[Site "Ostrava, CZE"]
[Date "2014.05.01"]
[Round "6"]
[White "Nisztuk, Michal"]
[Black "Sladek, Vladislav"]
[Result "0-1"]
[WhiteElo "1762"]
[BlackElo "1987"]
[PlyCount "124"]

1. e4 d5 2. exd5 Qxd5 3. d4 e5 4. Nf3 Nc6 5. dxe5 Qxd1+ 6. Kxd1 Bg4 7. Be2
O-O-O+ 8. Bd2 Bc5 9. Ng5 Bxe2+ 10. Kxe2 Nh6 11. Ne4 Bd4 12. Nbc3 Bxe5 13. Bxh6
gxh6 14. Rhd1 Nd4+ 15. Kf1 Nxc2 16. Rxd8+ Rxd8 17. Rd1 Rxd1+ 18. Nxd1 Nd4 19.
g3 b6 20. f4 Bg7 21. Kf2 Kd7 22. Ne3 c5 23. b3 Ke6 24. g4 f5 25. gxf5+ Nxf5 26.
Nc4 Bd4+ 27. Kf3 Kd5 28. Ng3 Ke6 29. Ke4 Nxg3+ 30. hxg3 h5 31. Nd2 Bf2 32. Kf3
Be1 33. Ne4 h6 34. Ke2 Bb4 35. Nf2 Kf5 36. Kf3 b5 37. Nd3 Ba3 38. Ne5 a5 39.
Ke3 Bb2 40. Nd3 Bd4+ 41. Kf3 c4 42. bxc4 bxc4 43. Ne1 c3 44. Nc2 Bc5 45. Ne1
Ke6 46. Nc2 Kd5 47. Ne1 Kd4 48. Ke2 Ke4 49. Nc2 Bb6 50. Ne1 Bc5 51. Nd3 h4 52.
gxh4 Bd4 53. Ne1 h5 54. Kd1 Bf2 55. Nc2 Bxh4 56. Ke2 Bg5 57. Ne1 h4 58. Nc2 h3
59. Kf2 Bxf4 60. Ne1 h2 61. Kg2 Ke3 62. Nc2+ Kd2 0-1

[Event "Ostravský koník 2014 - FIDE Open B"]
[Site "Ostrava, CZE"]
[Date "2014.05.01"]
[Round "6"]
[White "Holecek, Vladimir"]
[Black "Petrov, Bogoljub"]
[Result "0-1"]
[WhiteElo "1981"]
[BlackElo "1953"]
[PlyCount "70"]

1. d4 Nf6 2. c4 e6 3. Nf3 h6 4. Nc3 Be7 5. e4 d6 6. Qc2 Nc6 7. Be2 O-O 8. Be3
Ng4 9. O-O-O Nxe3 10. fxe3 Bd7 11. g4 e5 12. d5 Nb8 13. Rdg1 g5 14. Bd3 Kg7 15.
Qf2 f6 16. Ne2 c5 17. Qe1 Qc8 18. h3 b5 19. cxb5 c4 20. Bc2 Qc5 21. Nc3 Bd8 22.
Nd2 Ba5 23. Nf1 Bxb5 24. Ng3 Bd7 25. Nf5+ Bxf5 26. gxf5 Na6 27. Qd2 Rab8 28.
Bb1 Rb7 29. Qe1 Rxb2 30. Kxb2 Qb4+ 31. Kc2 Rb8 32. Qd2 Qa3 33. Qc1 Qxc3+ 34.
Kd1 Rxb1 35. Qxb1 Qd2# 0-1

[Event "Ostravský koník 2014 - FIDE Open B"]
[Site "Ostrava, CZE"]
[Date "2014.05.01"]
[Round "6"]
[White "Kubeczka, Ales"]
[Black "Hlubina, Pavel"]
[Result "1-0"]
[WhiteElo "2069"]
[BlackElo "1930"]
[PlyCount "119"]

1. d4 Nf6 2. c4 g6 3. Nc3 Bg7 4. e4 d6 5. Nf3 O-O 6. Be2 e5 7. O-O Nc6 8. Be3
Ng4 9. Bg5 f6 10. Bc1 f5 11. d5 Ne7 12. exf5 gxf5 13. Ne1 Ng6 14. Bxg4 fxg4 15.
g3 Bf5 16. Be3 e4 17. Qc1 Ne5 18. Nb5 a6 19. Nd4 Qf6 20. Bg5 Qg6 21. Be3 Rae8
22. Ng2 Nf3+ 23. Nxf3 exf3 24. Nh4 Qf6 25. Nxf5 Qxf5 26. h4 gxh3 27. Kh2 Re4
28. Rb1 Qg4 29. b3 Rfe8 30. Bh6 Bf6 31. Qd2 Rd4 32. Qa5 Be5 33. Rbe1 Re7 34.
Rxe5 dxe5 35. Be3 Re4 36. d6 cxd6 37. Qd8+ Kf7 38. Bh6 Qg8 39. Qxd6 Rd4 40. Qc5
Qg6 41. Be3 Rd3 42. Re1 Qc6 43. Qa5 b5 44. c5 Red7 45. Qb4 Rd1 46. Rxd1 Rxd1
47. Qg4 Qf6 48. Bg5 Qc6 49. Qf5+ Kg7 50. Be7 Rd2 51. Qf8+ Kg6 52. Qg8+ Kf5 53.
Qxh7+ Ke6 54. Qh6+ Kd7 55. Qxd2+ Kxe7 56. Qg5+ Ke6 57. Qg6+ Kd5 58. Qxc6+ Kxc6
59. b4 e4 60. Kxh3 1-0

[Event "Ostravský koník 2014 - FIDE Open B"]
[Site "Ostrava, CZE"]
[Date "2014.05.01"]
[Round "6"]
[White "Stanek, Stanislav"]
[Black "Omamik, Pavel"]
[Result "0-1"]
[WhiteElo "1917"]
[BlackElo "2044"]
[PlyCount "104"]

1. e4 g6 2. d4 Bg7 3. Nc3 d6 4. Bc4 c6 5. Bb3 Nf6 6. f4 Qa5 7. Nf3 Nxe4 8. O-O
Nxc3 9. Qe1 O-O 10. Bd2 Qc7 11. Bxc3 d5 12. Qh4 a5 13. a3 Qd6 14. Rae1 Qf6 15.
Qg3 Bf5 16. Re2 Nd7 17. Rfe1 e6 18. Rd1 Qd8 19. h3 Nf6 20. Be1 Be4 21. Ne5 Nd7
22. Qc3 f5 23. Bf2 Nxe5 24. dxe5 Rf7 25. Qe3 Bh6 26. c4 g5 27. Bg3 Rg7 28. c5
Qe7 29. Kh2 gxf4 30. Bxf4 Bxf4+ 31. Qxf4 Qxc5 32. Rg1 Rf8 33. g3 Qb5 34. Qe3
Bd3 35. Rd2 Qxb3 36. Qxd3 Qxd3 37. Rxd3 Kf7 38. a4 Ke7 39. Rb3 Kd8 40. Rc1 Kc7
41. Rc5 b6 42. Rc1 h5 43. Rbc3 c5 44. Rf3 Rfg8 45. h4 Rg4 46. b3 Re4 47. Kg2
Rxe5 48. Kf2 Kd6 49. Re1 Rg4 50. Rfe3 Rxe3 51. Rxe3 Re4 52. Rf3 d4 0-1

[Event "Ostravský koník 2014 - FIDE Open B"]
[Site "Ostrava, CZE"]
[Date "2014.05.01"]
[Round "6"]
[White "Novak, Borivoj"]
[Black "Trombik, Karel"]
[Result "0-1"]
[WhiteElo "1844"]
[BlackElo "2016"]
[PlyCount "92"]

1. c4 e5 2. Nc3 Nc6 3. Nf3 Bc5 4. g3 Nf6 5. Bg2 a6 6. O-O d6 7. d3 O-O 8. Bg5
h6 9. Bxf6 Qxf6 10. Nd5 Qd8 11. e3 Bg4 12. h3 Bh5 13. a3 f5 14. b4 Ba7 15. Qc2
Ne7 16. Nd2 c6 17. Nc3 Rc8 18. Rac1 d5 19. c5 e4 20. f4 d4 21. Ncxe4 fxe4 22.
Bxe4 dxe3 23. Nf3 Bxf3 24. Qc4+ Kh8 25. Rxf3 Nd5 26. Re1 Bb8 27. Bxd5 cxd5 28.
Qd4 Qd7 29. Kg2 Rce8 30. Rfxe3 Rxe3 31. Rxe3 Bc7 32. a4 Bd8 33. Re5 Bf6 34.
Qxd5 Qxa4 35. Re4 Qc2+ 36. Kf3 Rd8 37. Qxd8+ Bxd8 38. Re8+ Kh7 39. Rxd8 Qd1+
40. Kf2 Qd2+ 41. Kf3 Qxb4 42. d4 a5 43. Ke4 a4 44. Ra8 a3 45. Ke5 Qb2 46. Rxa3
Qxa3 0-1

[Event "Ostravský koník 2014 - FIDE Open B"]
[Site "Ostrava, CZE"]
[Date "2014.05.01"]
[Round "6"]
[White "Blecha, Josef"]
[Black "Lipovsky, Tomas"]
[Result "0-1"]
[WhiteElo "1890"]
[BlackElo "2011"]
[PlyCount "64"]

1. e4 e5 2. Nf3 Nc6 3. d4 exd4 4. Nxd4 Qf6 5. Nb3 Bb4+ 6. c3 Be7 7. Be3 d6 8.
Be2 Qg6 9. Bf3 Nf6 10. N1d2 Ne5 11. Qe2 O-O 12. Bf4 c5 13. O-O-O Be6 14. h4 h5
15. Bg5 c4 16. Nd4 Nd3+ 17. Kb1 d5 18. Bxf6 Qxf6 19. exd5 Nf4 20. Qxc4 Rac8 21.
Qb3 Bg4 22. Ka1 Rfd8 23. Ne4 Qa6 24. c4 Rxc4 25. d6 Bxd6 26. Nb5 Rxe4 27. Rxd6
Rxd6 28. Bxe4 Rb6 29. Nc7 Qe2 30. Qc2 Qxc2 31. Bxc2 Rc6 32. Rc1 Nd3 0-1

[Event "Ostravský koník 2014 - FIDE Open B"]
[Site "Ostrava, CZE"]
[Date "2014.05.01"]
[Round "6"]
[White "Kondula, Lukas"]
[Black "Albertovic, Lukas"]
[Result "1/2-1/2"]
[WhiteElo "1997"]
[BlackElo "1923"]
[PlyCount "86"]

1. e4 e5 2. Nf3 Nc6 3. Bb5 a6 4. Ba4 d6 5. O-O Be7 6. c3 Nf6 7. d4 O-O 8. d5
Nb8 9. Re1 h6 10. h3 Nbd7 11. Nbd2 b5 12. Bc2 Rb8 13. Nf1 Re8 14. Ng3 Nf8 15.
Be3 Ng6 16. Qd2 Bf8 17. a4 Bd7 18. axb5 axb5 19. Nh2 Qc8 20. f3 Ra8 21. Ng4 Nh7
22. Nf5 Rxa1 23. Rxa1 h5 24. Nf2 Ne7 25. g4 g6 26. Nxe7+ Rxe7 27. Bd3 f5 28.
exf5 gxf5 29. gxf5 Bxf5 30. Kh2 Rg7 31. Rg1 Rxg1 32. Kxg1 Qd7 33. Kh2 Bg7 34.
Qc2 Bxd3 35. Qxd3 Nf6 36. Bg5 Qf7 37. Bxf6 Bxf6 38. Qf5 Bh4 39. Qxf7+ Kxf7 40.
Nd3 Kf6 41. Nb4 Kf5 42. Na6 Bd8 43. Kg3 h4+ 1/2-1/2

[Event "Ostravský koník 2014 - FIDE Open B"]
[Site "Ostrava, CZE"]
[Date "2014.05.01"]
[Round "6"]
[White "Cyron, Karel"]
[Black "Zeman, Arnost"]
[Result "1/2-1/2"]
[WhiteElo "1792"]
[BlackElo "1993"]
[PlyCount "54"]

1. e4 c5 2. Nf3 g6 3. c3 Bg7 4. d4 cxd4 5. cxd4 a6 6. Bc4 d6 7. O-O Nf6 8. Re1
O-O 9. Bb3 Nc6 10. Nc3 Bg4 11. Be3 b5 12. h3 Bxf3 13. Qxf3 Na5 14. e5 Ne8 15.
Bd5 Ra7 16. Bg5 b4 17. Na4 dxe5 18. dxe5 Rd7 19. Rad1 Nc7 20. Nb6 Ne6 21. Bxe6
Rxd1 22. Rxd1 Qxb6 23. Bd7 e6 24. Be7 Rb8 25. Bd6 Rd8 26. Be7 Rb8 27. Bd6 Rd8
1/2-1/2

[Event "Ostravský koník 2014 - FIDE Open B"]
[Site "Ostrava, CZE"]
[Date "2014.05.01"]
[Round "6"]
[White "Novacek, Pavel"]
[Black "Mrazek, Roman"]
[Result "1-0"]
[WhiteElo "1979"]
[BlackElo "1842"]
[PlyCount "129"]

1. e4 c6 2. d4 d5 3. Nd2 dxe4 4. Nxe4 Bf5 5. Nc5 Qc7 6. Nf3 e6 7. Be3 Nf6 8.
Bd3 Bxc5 9. dxc5 Bxd3 10. Qxd3 Nbd7 11. O-O-O Qa5 12. Qc4 Nd5 13. Bd4 O-O-O 14.
Rd3 Qb4 15. Qxb4 Nxb4 16. Ra3 Na6 17. Ra5 f6 18. a3 e5 19. Be3 Nf8 20. Nd2 Ne6
21. Nc4 Rd7 22. b4 Kb8 23. c3 Rhd8 24. Kc2 Nac7 25. Rb1 Nd5 26. b5 Nxe3+ 27.
fxe3 Rc8 28. Nd6 Rcc7 29. b6 axb6 30. cxb6 Rxd6 31. bxc7+ Kxc7 32. Rd1 Rxd1 33.
Kxd1 Kb6 34. Ra8 Kc7 35. Kc2 Kd6 36. c4 h5 37. Rb8 Nc5 38. Rh8 g6 39. Rh6 Ne4
40. Rxg6 Kc5 41. Rh6 Kxc4 42. Rxh5 b5 43. Rf5 Kd5 44. h4 c5 45. h5 Ke6 46. h6
Kf7 47. Rh5 Kg6 48. Rh1 Kh7 49. Rh4 Nd6 50. e4 Nc4 51. Kb3 Nd6 52. Kc3 Nb7 53.
Rh1 Nd8 54. Kd3 Ne6 55. g3 Nd4 56. Rf1 Kxh6 57. Rxf6+ Kg5 58. Rb6 Kg4 59. Rg6+
Kf3 60. g4 c4+ 61. Kc3 Kxe4 62. Rf6 Kd5 63. g5 e4 64. g6 Ne6 65. Rf5+ 1-0

[Event "Ostravský koník 2014 - FIDE Open B"]
[Site "Ostrava, CZE"]
[Date "2014.05.01"]
[Round "6"]
[White "Cvik, Stepan"]
[Black "Kula, Dominik"]
[Result "0-1"]
[WhiteElo "1723"]
[BlackElo "1968"]
[PlyCount "58"]

1. d4 f5 2. Nf3 Nf6 3. c4 g6 4. g3 Bg7 5. Bg2 O-O 6. O-O d6 7. Nc3 Qe8 8. Re1
c6 9. b4 a5 10. Qb3 Kh8 11. Bb2 e5 12. dxe5 dxe5 13. e4 axb4 14. Qxb4 Na6 15.
Qd6 Nd7 16. exf5 gxf5 17. Na4 e4 18. Bxg7+ Kxg7 19. Rad1 Rf6 20. Qd2 Nc7 21.
Nc3 Qf7 22. Nxe4 fxe4 23. Rxe4 Ne6 24. Bh3 Ndc5 25. Rg4+ Kh8 26. Ne5 Qh5 27.
Qd8+ Rf8 28. Qe7 Qxe5 29. Rg5 Qxg5 0-1

[Event "Ostravský koník 2014 - FIDE Open B"]
[Site "Ostrava, CZE"]
[Date "2014.05.01"]
[Round "6"]
[White "Kopta, Jiri"]
[Black "Pesl, Jan"]
[Result "1-0"]
[WhiteElo "1960"]
[BlackElo "1780"]
[PlyCount "79"]

1. e4 c6 2. d4 d5 3. e5 Bf5 4. Nc3 e6 5. g4 Bg6 6. Nge2 Nd7 7. h4 h6 8. Nf4 Bh7
9. Be3 Bb4 10. Bd3 Bxd3 11. Nxd3 Bxc3+ 12. bxc3 Qc7 13. f4 Ne7 14. O-O O-O-O
15. a4 Nb6 16. Nb2 c5 17. dxc5 Nc4 18. Nxc4 dxc4 19. Qe2 Nd5 20. Bd4 g5 21.
fxg5 hxg5 22. h5 Nf4 23. Qe4 Rd5 24. a5 Qc6 25. a6 bxa6 26. Ra5 Kc7 27. Rfa1
Rxc5 28. Qxc6+ Rxc6 29. Rxa6 Rxa6 30. Rxa6 Rb8 31. Rxa7+ Kd8 32. Kf2 Rb2 33.
Ra8+ Kd7 34. Ra4 Rxc2+ 35. Kf3 Rh2 36. Bf2 Nd3 37. Bg3 Rh1 38. Rxc4 Nb2 39. Rb4
Nd3 40. Rd4+ 1-0

[Event "Ostravský koník 2014 - FIDE Open B"]
[Site "Ostrava, CZE"]
[Date "2014.05.01"]
[Round "6"]
[White "Hajek, Oskar"]
[Black "Halacz, Martin"]
[Result "1-0"]
[WhiteElo "1947"]
[BlackElo "1000"]
[PlyCount "73"]

1. d4 d5 2. Nc3 c5 3. dxc5 Nf6 4. Bg5 e6 5. e4 Bxc5 6. e5 Qb6 7. Na4 Bxf2+ 8.
Ke2 Qb5+ 9. Kxf2 Ne4+ 10. Ke1 Qxa4 11. Be3 Qb4+ 12. c3 Qxb2 13. Ne2 Nxc3 14.
Qc1 Qxc1+ 15. Rxc1 Nc6 16. Nxc3 Nxe5 17. Nb5 O-O 18. Nc7 Bd7 19. Nxa8 Rxa8 20.
Rc7 Bc6 21. Bd4 Nc4 22. Bxc4 dxc4 23. Kd2 h6 24. Kc3 Bd5 25. Rf1 f6 26. Bxf6
gxf6 27. Rxf6 a5 28. Rg6+ Kh8 29. Rxh6+ Kg8 30. Rg6+ Kf8 31. h4 b5 32. h5 b4+
33. Kd4 b3 34. axb3 cxb3 35. h6 Rb8 36. h7 Rb4+ 37. Kc3 1-0

[Event "Ostravský koník 2014 - FIDE Open B"]
[Site "Ostrava, CZE"]
[Date "2014.05.01"]
[Round "6"]
[White "Repak, Jan"]
[Black "Kozelsky, Marek"]
[Result "0-1"]
[WhiteElo "1679"]
[BlackElo "1933"]
[PlyCount "36"]

1. Nf3 d5 2. c4 e6 3. g3 Nf6 4. Bg2 c6 5. d4 dxc4 6. a4 Bb4+ 7. Bd2 a5 8. Qc2
b5 9. b3 cxb3 10. Qxb3 Bxd2+ 11. Nbxd2 b4 12. Ne5 Qxd4 13. Nxc6 Qxa1+ 14. Nb1
Nd5 15. Bxd5 exd5 16. Qe3+ Be6 17. Qc5 Qxb1+ 18. Kd2 Qb2+ 0-1

[Event "Ostravský koník 2014 - FIDE Open B"]
[Site "Ostrava, CZE"]
[Date "2014.05.01"]
[Round "6"]
[White "Stehlik, Jiri"]
[Black "Mejzr, Jan"]
[Result "1-0"]
[WhiteElo "2017"]
[BlackElo "1798"]
[PlyCount "69"]

1. c4 Nf6 2. Nf3 c5 3. g3 Nc6 4. Bg2 e6 5. O-O Be7 6. b3 O-O 7. Bb2 Qc7 8. Nc3
a6 9. d4 cxd4 10. Nxd4 b6 11. Rc1 Bb7 12. Nd5 Qd8 13. Nxe7+ Qxe7 14. e4 Rab8
15. Nxc6 Bxc6 16. Be5 Rb7 17. Bd6 Qd8 18. Qe2 Ne8 19. Rfd1 Nxd6 20. Rxd6 e5 21.
Rcd1 Qe7 22. Qd3 b5 23. c5 a5 24. a3 f6 25. h4 a4 26. b4 g6 27. Bh3 Ra7 28.
Be6+ dxe6 29. Rxc6 Rd7 30. Rd6 Rxd6 31. Qxd6 Qxd6 32. Rxd6 Rb8 33. Rb6 Rd8 34.
Rxb5 Rd3 35. c6 1-0

[Event "Ostravský koník 2014 - FIDE Open B"]
[Site "Ostrava, CZE"]
[Date "2014.05.01"]
[Round "6"]
[White "Badacova, Irena"]
[Black "Ling, Bronislav"]
[Result "0-1"]
[WhiteElo "1818"]
[BlackElo "1981"]
[PlyCount "74"]

1. e4 e5 2. Nc3 Nf6 3. f4 d5 4. fxe5 Nxe4 5. d3 Nxc3 6. bxc3 d4 7. Nf3 Nc6 8.
h3 Be7 9. g3 O-O 10. Bg2 f6 11. cxd4 Bb4+ 12. Bd2 Bxd2+ 13. Qxd2 Nxd4 14. exf6
Rxf6 15. Nxd4 Qxd4 16. c3 Qe5+ 17. Kd1 Qxg3 18. Bd5+ Kh8 19. Qe2 Bxh3 20. Rxh3
Qxh3 21. Kc2 Qd7 22. Be4 Qa4+ 23. Kd2 Raf8 24. Qh5 g6 25. Qe5 Qd7 26. Rh1 Qg7
27. Qc5 b6 28. Qc4 Qf7 29. Bd5 Rf2+ 30. Kd1 Qf4 31. Qxf4 R8xf4 32. Rh3 Rb2 33.
Kc1 Rff2 34. d4 c6 35. Bb3 Rh2 36. Re3 Rbe2 37. Rd3 Re1+ 0-1

[Event "Ostravský koník 2014 - FIDE Open B"]
[Site "Ostrava, CZE"]
[Date "2014.05.01"]
[Round "6"]
[White "Berka, Lubos"]
[Black "Melecky, Jaroslav"]
[Result "0-1"]
[WhiteElo "1793"]
[BlackElo "1973"]
[PlyCount "32"]

1. e4 d5 2. exd5 Nf6 3. d4 Nxd5 4. c4 Nb6 5. Nf3 g6 6. Nc3 Bg7 7. Be3 O-O 8.
Qc2 Nc6 9. Rd1 Bf5 10. Qc1 Bg4 11. b3 Bxf3 12. gxf3 Nxd4 13. Bxd4 Bxd4 14. Nd5
c5 15. Qg5 Nxd5 16. cxd5 Qa5+ 0-1

[Event "Ostravský koník 2014 - FIDE Open B"]
[Site "Ostrava, CZE"]
[Date "2014.05.01"]
[Round "6"]
[White "Chrostek, Lukas"]
[Black "Sobek, Martin"]
[Result "1/2-1/2"]
[WhiteElo "1769"]
[BlackElo "1946"]
[PlyCount "74"]

1. e4 c5 2. Nc3 Nc6 3. g3 e6 4. Bg2 g6 5. d3 Bg7 6. Be3 d6 7. Nge2 Nge7 8. O-O
O-O 9. Qc1 Nd4 10. Bd2 Nec6 11. Re1 b5 12. Nxd4 Nxd4 13. Ne2 Bb7 14. c3 Nxe2+
15. Rxe2 a5 16. Bh6 b4 17. Bxg7 Kxg7 18. c4 Qe7 19. a3 Rfd8 20. axb4 axb4 21.
b3 Qe8 22. Rea2 Rxa2 23. Rxa2 Ra8 24. Qa1+ f6 25. e5 Rxa2 26. exf6+ Kf7 27.
Qxa2 Bxg2 28. Qa7+ Kxf6 29. Kxg2 h5 30. Qb7 g5 31. Kf3 Qg6 32. Ke3 Qf5 33. Qe4
Qe5 34. f4 gxf4+ 35. gxf4 Qf5 36. Qg2 e5 37. Qg3 exf4+ 1/2-1/2

[Event "Ostravský koník 2014 - FIDE Open B"]
[Site "Ostrava, CZE"]
[Date "2014.05.01"]
[Round "6"]
[White "Kabelka, Ondrej"]
[Black "Lamser, Tomas"]
[Result "1-0"]
[WhiteElo "1697"]
[BlackElo "1941"]
[PlyCount "81"]

1. c4 Nf6 2. Nc3 g6 3. d4 Bg7 4. e4 d6 5. Nf3 O-O 6. h3 a6 7. Be3 b6 8. Bd3 Bb7
9. Qd2 Re8 10. Bh6 Bh8 11. g4 c5 12. d5 e6 13. O-O exd5 14. exd5 Nfd7 15. Ne4
Ne5 16. Nxe5 Bxe5 17. f4 Bd4+ 18. Kg2 Qc7 19. f5 Nd7 20. fxg6 fxg6 21. Qf4 Re7
22. Nxd6 Be5 23. Nf5 Bxf4 24. Nxe7+ Kh8 25. Bxf4 Ne5 26. Rae1 Qxe7 27. Bxe5+
Kg8 28. Bf6 Qd6 29. Re7 Rf8 30. Rg7+ Kh8 31. Rxg6+ Rxf6 32. Rgxf6 Bxd5+ 33.
cxd5 Qxd5+ 34. R1f3 Qxa2 35. Rf8+ Kg7 36. R3f7+ Qxf7 37. Rxf7+ Kxf7 38. Bxa6
Ke6 39. Kf3 Ke5 40. Ke3 h6 41. Bc4 1-0

[Event "Ostravský koník 2014 - FIDE Open B"]
[Site "Ostrava, CZE"]
[Date "2014.05.01"]
[Round "6"]
[White "Kuchar, Matej"]
[Black "Kosar ml., Mikulas"]
[Result "1-0"]
[WhiteElo "1693"]
[BlackElo "1896"]
[PlyCount "57"]

1. e4 e5 2. Nf3 Nf6 3. Nxe5 d6 4. Nf3 Nxe4 5. d4 d5 6. Bd3 Bd6 7. O-O O-O 8. c4
c6 9. Nc3 Nxc3 10. bxc3 Bg4 11. cxd5 cxd5 12. h3 Bh5 13. Rb1 b6 14. Re1 Nc6 15.
Bc2 Qc7 16. Bxh7+ Kh8 17. Bc2 f5 18. Bb3 Rad8 19. Qd3 Bf4 20. Ng5 Bxg5 21. Bxg5
Rd7 22. Re6 Nd8 23. Bxd8 Qxd8 24. Rbe1 Bf7 25. R6e5 g6 26. Qg3 b5 27. h4 Re8
28. Rxe8+ Bxe8 29. Qe5+ 1-0

[Event "Ostravský koník 2014 - FIDE Open B"]
[Site "Ostrava, CZE"]
[Date "2014.05.01"]
[Round "6"]
[White "Kriebel, Rudolf"]
[Black "Kusak, Lubomir"]
[Result "1-0"]
[WhiteElo "1889"]
[BlackElo "1685"]
[PlyCount "49"]

1. d4 c5 2. d5 e5 3. e4 d6 4. Bd3 a6 5. a4 Be7 6. Ne2 Bg5 7. Nd2 Bg4 8. Nc4
Bxc1 9. Qxc1 Nf6 10. f3 Bh5 11. Ng3 Bg6 12. O-O Qc7 13. f4 Nbd7 14. f5 Bh5 15.
Qg5 h6 16. Qd2 O-O 17. a5 Rfb8 18. Ra3 Nf8 19. Kh1 Rd8 20. Nxh5 Nxh5 21. f6 g5
22. Qd1 Nf4 23. Rxf4 exf4 24. Qh5 Qd7 25. Qxh6 1-0

[Event "Ostravský koník 2014 - FIDE Open B"]
[Site "Ostrava, CZE"]
[Date "2014.05.01"]
[Round "6"]
[White "Romanek, Zdenek"]
[Black "Tyn, Marek"]
[Result "1/2-1/2"]
[WhiteElo "1671"]
[BlackElo "1878"]
[PlyCount "23"]

1. d4 Nf6 2. c4 e6 3. Nc3 b6 4. e4 Bb7 5. Bd3 d5 6. cxd5 exd5 7. e5 Nfd7 8.
Nge2 c5 9. Bf4 Be7 10. Qc2 Nc6 11. e6 Nf6 12. exf7+ 1/2-1/2

[Event "Ostravský koník 2014 - FIDE Open B"]
[Site "Ostrava, CZE"]
[Date "2014.05.01"]
[Round "6"]
[White "Gil, Karel"]
[Black "Sumsal, Vaclav"]
[Result "1/2-1/2"]
[WhiteElo "1873"]
[BlackElo "1657"]
[PlyCount "34"]

1. d4 Nf6 2. Nf3 d5 3. c4 g6 4. Nc3 Bg7 5. Bg5 c6 6. e3 O-O 7. Qb3 e6 8. Bd3
Nbd7 9. O-O Qb6 10. Qa3 Re8 11. Rad1 dxc4 12. Bxc4 Bf8 13. Qa4 Qxb2 14. Qb3
Qxb3 15. Bxb3 Nd5 16. Ne2 Bg7 17. e4 Ne7 1/2-1/2

[Event "Ostravský koník 2014 - FIDE Open B"]
[Site "Ostrava, CZE"]
[Date "2014.05.01"]
[Round "6"]
[White "Hurta, Jiri"]
[Black "Depta, Tomas"]
[Result "1/2-1/2"]
[WhiteElo "1844"]
[BlackElo "1888"]
[PlyCount "54"]

1. Nf3 d5 2. g3 c6 3. Bg2 Nf6 4. b3 Bf5 5. Bb2 e6 6. d3 h6 7. Nbd2 Nbd7 8. O-O
Be7 9. Re1 O-O 10. e4 Bh7 11. e5 Ne8 12. Nf1 c5 13. N3d2 Rb8 14. a4 a6 15. a5
b5 16. axb6 Qxb6 17. Bc3 f6 18. Ba5 Qc6 19. f4 fxe5 20. fxe5 Bd8 21. Bxd8 Rxd8
22. Nf3 Qb6 23. Ne3 Nc7 24. Qd2 Rf7 25. Qa5 Rdf8 26. Qxb6 Nxb6 27. Rf1 Nd7
1/2-1/2

[Event "Ostravský koník 2014 - FIDE Open B"]
[Site "Ostrava, CZE"]
[Date "2014.05.01"]
[Round "6"]
[White "Havelka, Ondrej"]
[Black "Mikulencak, Jan"]
[Result "1-0"]
[WhiteElo "1661"]
[BlackElo "1834"]
[PlyCount "49"]

1. d4 d5 2. c4 c6 3. cxd5 cxd5 4. Nc3 Nf6 5. Nf3 e6 6. Bf4 Bd6 7. Bxd6 Qxd6 8.
e3 O-O 9. Bd3 Bd7 10. O-O a6 11. Rc1 Nc6 12. Na4 Nb4 13. Bb1 Bb5 14. Re1 Bxa4
15. Qxa4 Rac8 16. Ne5 b5 17. Qa5 Ne4 18. a3 f6 19. Nf3 Nc6 20. Qxa6 b4 21. axb4
Qxb4 22. Rxc6 Qxb2 23. Rxc8 Qxf2+ 24. Kh1 Rxc8 25. Qxe6+ 1-0

[Event "Ostravský koník 2014 - FIDE Open B"]
[Site "Ostrava, CZE"]
[Date "2014.05.01"]
[Round "6"]
[White "Pindjak, Michal"]
[Black "Cubok, Milan"]
[Result "1/2-1/2"]
[WhiteElo "1766"]
[BlackElo "1824"]
[PlyCount "85"]

1. e4 c5 2. Nc3 e6 3. f4 a6 4. Nf3 Nc6 5. d3 b5 6. a3 Bb7 7. Be2 d6 8. O-O Qc7
9. Qe1 Be7 10. Qg3 Bf6 11. f5 Nge7 12. fxe6 fxe6 13. Bf4 O-O-O 14. Ng5 Bxg5 15.
Bxg5 Rdf8 16. Bg4 Nd4 17. Bf4 Kd7 18. Rf2 Kc6 19. Raf1 Ng6 20. Be3 Qe7 21. Bxd4
cxd4 22. Ne2 e5 23. Bf5 Rf6 24. c3 dxc3 25. Rc1 Kc7 26. Rxc3+ Kb8 27. Rf1 d5
28. Rfc1 Qd6 29. Rc5 dxe4 30. dxe4 Rhf8 31. b4 Re8 32. Qe1 Ne7 33. Rd1 Qb6 34.
Bd7 Ref8 35. Qc3 Nc6 36. Bxc6 Bxc6 37. Qxe5+ Ka8 38. Ng3 g6 39. Qd4 h5 40. e5
Re6 41. Rf1 Rd8 42. Qc3 Rd5 43. Kh1 1/2-1/2

[Event "Ostravský koník 2014 - FIDE Open B"]
[Site "Ostrava, CZE"]
[Date "2014.05.01"]
[Round "6"]
[White "Privoznik, Lubos"]
[Black "Borovicka, Bohumil"]
[Result "0-1"]
[WhiteElo "1647"]
[BlackElo "2000"]
[PlyCount "51"]

1. e4 e6 2. d4 d5 3. Nc3 Bb4 4. e5 c5 5. a3 Bxc3+ 6. bxc3 Qa5 7. Bd2 Qa4 8. Qg4
g6 9. Qd1 b6 10. Qb1 Ba6 11. Bxa6 Nxa6 12. Qb3 Qc6 13. c4 dxc4 14. Qf3 Ne7 15.
dxc5 Nxc5 16. Bb4 Nd5 17. O-O-O a5 18. Bd2 Na4 19. Ne2 Qc5 20. Bg5 c3 21. Rd3
Qxa3+ 22. Kd1 Nb2+ 23. Ke1 Nxd3+ 24. Qxd3 O-O 25. h4 Nb4 26. Nxc3 0-1

[Event "Ostravský koník 2014 - FIDE Open B"]
[Site "Ostrava, CZE"]
[Date "2014.05.01"]
[Round "6"]
[White "Beluska, Tereza"]
[Black "Pisa, Vladimir"]
[Result "1/2-1/2"]
[WhiteElo "1645"]
[BlackElo "1981"]
[PlyCount "66"]

1. e4 c5 2. b3 Nc6 3. Bb5 Nd4 4. Bc4 e6 5. c3 Nc6 6. d4 d5 7. exd5 exd5 8. Be2
cxd4 9. cxd4 Bb4+ 10. Bd2 Qe7 11. Nf3 Nf6 12. O-O Bxd2 13. Nbxd2 O-O 14. Bd3
Bg4 15. Re1 Qd6 16. Qc1 Rac8 17. Qb2 Rfe8 18. a3 Nd7 19. Rac1 h6 20. h3 Bxf3
21. Nxf3 Qf4 22. Rcd1 Nf8 23. Rxe8 Rxe8 24. Qd2 Qf6 25. Bc2 Ne6 26. Re1 Rc8 27.
Rd1 g6 28. Kf1 Kg7 29. b4 Ne7 30. Ne5 Rc7 31. Bb3 h5 32. a4 Nf5 33. Nf3 Ne7
1/2-1/2

[Event "Ostravský koník 2014 - FIDE Open B"]
[Site "Ostrava, CZE"]
[Date "2014.05.01"]
[Round "6"]
[White "Chromik, Tomas"]
[Black "Gemsa, Pavel"]
[Result "1-0"]
[WhiteElo "1939"]
[BlackElo "1626"]
[PlyCount "81"]

1. d4 d5 2. c4 e6 3. g3 Bb4+ 4. Bd2 Be7 5. Nf3 Nf6 6. Bg2 c6 7. O-O O-O 8. b3
Nbd7 9. Nc3 b6 10. Qc2 Bb7 11. Rad1 a5 12. Bf4 Nh5 13. Bc1 Ba6 14. Nd2 b5 15.
Rfe1 bxc4 16. bxc4 Nb6 17. c5 Nd7 18. e4 Nhf6 19. e5 Ne8 20. Bh3 Rb8 21. f4
Nxc5 22. dxc5 Bxc5+ 23. Kg2 Ba7 24. Ba3 c5 25. Rb1 d4 26. Nce4 d3 27. Rxb8 Qxb8
28. Qc3 Qb5 29. Bxc5 Bxc5 30. Qxc5 Qxc5 31. Nxc5 Nc7 32. Nxa6 Nxa6 33. a3 Rc8
34. Kf2 Rc3 35. Ra1 Nc5 36. Ke3 Rc2 37. Rb1 g5 38. Bf1 Ra2 39. Rb5 Rc2 40. Rxa5
Rxd2 41. Ra8+ 1-0